Văn nghệ dân gian làng Trung Lập (xã Tri Trung, huyện Phú Xuyên, thành phố Hà Nội)

Giới thiệu tổng quan về làng Trung Lập (xã Tri Trung, huyện Phú Xuyên, thành phố Hà Nội) cùng nghệ thuật biểu diễn chèo ở Trung Lập và một số kịch bản chèo nổi tiếng

Shranjeno v:
Bibliografske podrobnosti
Glavni avtor: Vũ Quang Liễn
Format: Knjiga
Jezik:Vietnamese
Izdano: H. Dân trí 2011
Teme:
Oznake: Označite
Brez oznak, prvi označite!
Thư viện lưu trữ: Mạng thư viện Đại học Đà Nẵng
LEADER 01647aam a22004098a 4500
001 000015800
003 12184
005 20120605140620.0
008 120605s2011 viesd
020 |a 9786049176463  |d 2000b 
041 0 |a vie 
082 1 4 |2 14  |a 895.9222  |b VU-L 
100 1 |a Vũ Quang Liễn 
245 1 0 |a Văn nghệ dân gian làng Trung Lập (xã Tri Trung, huyện Phú Xuyên, thành phố Hà Nội)  |c Vũ Quang Liễn, Vũ Quang Dũng 
260 |a H.  |b Dân trí  |c 2011 
300 |a 488tr.  |b minh họa  |c 21cm 
500 |a ĐTTS ghi: Hội Văn nghệ dân gian Việt Nam 
504 |a Phụ lục: tr. 473-484 
520 |a Giới thiệu tổng quan về làng Trung Lập (xã Tri Trung, huyện Phú Xuyên, thành phố Hà Nội) cùng nghệ thuật biểu diễn chèo ở Trung Lập và một số kịch bản chèo nổi tiếng 
650 7 |2 Bộ TK TVQG  |a Văn nghệ dân gian 
650 7 |2 Bộ TK TVQG  |a Văn học hiện đại 
651 7 |2 Bộ TK TVQG  |a Hà Nội 
651 7 |2 Bộ TK TVQG  |a Phú Xuyên 
651 4 |a Tri Trung 
651 4 |a Trung lập 
655 7 |2 Bộ TK TVQG  |a Kịch bản 
655 7 |2 Bộ TK TVQG  |a Chèo 
OWN |a LSP 
AVA |a UDN50  |b LSP  |d 895.9222 VU-L  |e available  |t Error 5001 Not defined in file expand_doc_bib_avail.  |f 1  |g 0  |h N  |i 0  |k 1 
999 |a From the UDN01 
AVA |a UDN50  |b LSP  |d 895.9222 VU-L  |e available  |t Error 5001 Not defined in file expand_doc_bib_avail.  |f 1  |g 0  |h N  |i 0  |k 1 
TYP |a Monograph 
TYP |a Printed language 
980 |a Mạng thư viện Đại học Đà Nẵng